Villes de Bourgogne-Franche-Comté A-Z - Statistiques

Statistiques générales
  • Ce quiz a été pris 342 fois
    44 depuis la dernière actualisation
  • Le résultat moyen est 11 sur 22
Statistiques - réponses
Ville Population Département % Correct
A Auxerre 35 000 Yonne 89
97%
D Dijon 162 000 Côte-d'Or 21
97%
B Besançon 118 000 Doubs 25
95%
C Châlon-sur-Saône 45 000 Saône-et-Loire 71
87%
N Nevers 33 000 Nièvre 58
85%
M Mâcon 35 000 Saône-et-Loire 71
82%
V Vesoul 15 000 Haute-Saône 70
79%
S Sens 27 000 Yonne 89
72%
P Pontarlier 18 000 Doubs 25
69%
J Joigny 9 000 Yonne 89
49%
L Le Creusot 21 000 Saône-et-Loire 71
46%
Q Quetigny 9 000 Côte-d'Or 21
46%
I Is-sur-Tille 4 000 Côte-d'Or 21
44%
G Gueugnon 7 000 Saône-et-Loire 71
36%
H Héricourt 11 000 Haute-Saône 70
36%
T Talant 12 000 Côte-d'Or 21
33%
F Fontaine-lès-Dijon 9 000 Côte-d'Or 21
28%
O Ornans 4 000 Doubs 25
23%
E Étupes 4 000 Doubs 25
10%
U Urzy 2 000 Nièvre 58
10%
R Ronchamp 3 000 Haute-Saône 70
5%
Y Yrouerre < 1 000 Yonne 89
0%
Aucun quiz correspondant
Distribution des résultats
% des personnes avec chaque résultat
Percentile par nombre de réponses
Votre historique - résultats
Vous n’avez pas pris ce quiz depuis la dernière actualisation